| 000 | 00651nam a2200217 a 4500 | ||
|---|---|---|---|
| 003 | PILC | ||
| 005 | 20150112093437.0 | ||
| 008 | 100722s19uu xx 00 eng d | ||
| 020 | _a0875847471 | ||
| 050 |
_aHD 58.8 _b.K65 1996 |
||
| 082 |
_aMnSF 658.406 _bK65 1996 |
||
| 100 |
_aKotter, John P. _916644 |
||
| 245 |
_aLeading change / _cJohn P. Kotter |
||
| 260 |
_aBsoton, Massachusetts : _bHarvard Business School Publishing, _c1996. |
||
| 300 |
_a187 pages : _c22 cm. |
||
| 650 |
_aOrganizational change _91358 |
||
| 650 |
_aLeadership _9483 |
||
| 650 |
_aIndustrial organization _916645 |
||
| 650 |
_aStrategic planning _9606 |
||
| 942 |
_2lcc _cBK |
||
| 999 |
_c14617 _d14617 |
||